000 00793nam a2200229Ii 4500
003 JO-AjNU
008 230605s9999||||xx |||||||||||||| ||und||
017 _a14471
020 _a977-368-105-X
040 _aJO-AjNU
_bara
_erda
_cJO-AjNU
041 _aara
050 1 4 _aPJ7846 2006
100 3 _aتأليف يوسف،شوقي بدر,
_eauthor
_934234
245 0 0 _aالرواية والروائيون: دراسات في الرواية المصرية
250 _aط1
264 3 1 _aالإسكندرية:مؤسسة حورس الدولية للنشر والتوزيع،2006
300 _a213ص
336 _atext
_btxt
_2rdacontent
337 _aunmediated
_bn
_2rdamedia
338 _avolume
_bnc
_2rdacarrier
650 4 _aالأدب العربي - روايات - روائيون
_934235
999 _aA14012
_c17580
_d17580